Arte y antropología

Uloženo v:
Podrobná bibliografie
Hlavní autor: Alcina Franch, José (Autor)
Médium: Kniha
Jazyk:španělština
Vydáno: Madrid Alianza 1982
Edice:Alianza Forma, 28
Témata:
Tagy: Přidat tag
Žádné tagy, Buďte první, kdo vytvoří štítek k tomuto záznamu!

MARC

LEADER 00000nam a2200000 a 4500
001 UCZ4060
003 CL-VaPUC
008 951106e19820000SP |||||||||||||||||spa|d
082 0 4 |a 709  |b ALC  |2 21 
100 0 |a Alcina Franch, José  |e author  |9 347945 
245 1 0 |a Arte y antropología 
300 |a 302 p 
942 |c BK 
945 |d 19951106 00:00:00  |a rleighto 
260 |a Madrid  |b Alianza  |c 1982 
650 0 |a Arte  |9 265238 
650 0 |a Arte prehistórico  |9 329439 
650 0 |a Arte decorativo   |9 330995 
650 0 |a Arte religioso  |9 330545 
650 0 |a Iconografía   |9 267998 
650 0 |a Cultura  |9 269059 
583 |a last modification  |c 19951106 00:00:00  |k Rodrigo Vera 
490 0 |a Alianza Forma, 28 
999 |c 240492  |d 240490 
952 |0 0  |1 0  |4 0  |6 709_000000000000000_ALC_1982  |7 0  |8 P  |9 252379  |a BIBARQ  |b BIBARQ  |d 2019-11-18  |i 3145069  |o 709 ALC 1982  |p 3145069  |r 2025-01-20  |w 2019-11-18  |y BK  |k ARQ